000 00576nam a2200181 i 4500
001 113378
003 ES-MaACL
005 20230906185852.0
007 t|
008 061121s1967 sp r ||||1| spa d
100 1 _aPablo
_bVI
_cPapa, Santo.
_9168351
245 1 0 _aDesarrollo de los pueblos
_b: comentario doctrinal /
_cpapa Pablo VI ; T. Urdanoz.
260 _aVillava (Pamplona) :
_bOPE,
_c1967.
300 _a228 p. ;
_c19 cm.
650 4 _aIglesia y problemas sociales-
_xEncĂ­clicas.
_9137973
700 1 _aUrdanoz, T.
_9112111
852 _aES-MaACL
_jB-8498
_bR.65716
999 _c113378
_d113378